Habitat Evaluation of the Guindy National Park for conservation Strategies : Preliminary Report for the Period May- Oct 1990 (Record no. 600376)

MARC details
000 -LEADER
fixed length control field 00701nam a2200145Ia 4500
008 - FIXED-LENGTH DATA ELEMENTS--GENERAL INFORMATION
fixed length control field 100415s9999 xx 000 0 und d
082 ## - DEWEY DECIMAL CLASSIFICATION NUMBER
Item number 17479
Classification number 719.32(5482)
100 ## - MAIN ENTRY--PERSONAL NAME
Personal name Rajarathinam R
245 ## - TITLE STATEMENT
Title Habitat Evaluation of the Guindy National Park for conservation Strategies : Preliminary Report for the Period May- Oct 1990
260 ## - PUBLICATION, DISTRIBUTION, ETC. (IMPRINT)
Place of publication, distribution, etc MADRAS
Date of publication, distribution, etc 1990
Name of publisher, distributor, etc MADRAS NATURALIST'S SOCIETY
365 ## - TRADE PRICE
Price amount 0
630 ## - SUBJECT ADDED ENTRY--UNIFORM TITLE
Uniform title Habitat Evaluation of the Guindy National Park for conservation Strategies : Preliminary Report for the Period May- Oct 1990
730 ## - ADDED ENTRY--UNIFORM TITLE
Uniform title Habitat Evaluation of the Guindy National Park for conservation Strategies : Preliminary Report for the Period May- Oct 1990
942 ## - ADDED ENTRY ELEMENTS (KOHA)
Koha item type Book
Holdings
Withdrawn status Lost status Damaged status Not for loan Home library Current library Date acquired Cost, normal purchase price Total Checkouts Full call number Barcode Date last seen Price effective from Koha item type
        Bombay Natural History Society Bombay Natural History Society 11/17/1997 0.00   719.32(5482) 17479 BNHS-17479 04/15/2010 04/15/2010 Book